000 01141cam a2200133 4500500
005 20251214002042.0
041 _afre
042 _adc
100 1 0 _aPaulet, Jean-Pierre
_eauthor
245 0 0 _aGéographie urbaine
260 _bArmand Colin,
_c2009.
520 _a10 % d’urbains en 1900, 50% en 2000… 60 % en 2030. C’est bien dans les villes que se jouent désormais les équilibres sociaux et les choix politiques de la majorité. Consommant l’espace et les ressources naturelles, la ville est le lieu des pollutions majeures qui dégradent les milieux voisins. Mais les villes sont pourtant des espaces de progrès et d’innovation. Pôles de décision, elles structurent l’espace. - Va-t-on vers une urbanisation généralisée, universelle, éclatée ? - Quels déséquilibres des richesses pour les villes de demain ? - Les villes « durables » sont-elles possibles ? - Comment concilier protection de l’environnement, essor démographique, développement du bien-être et dynamisme économique ?
856 4 1 _uhttps://shs.cairn.info/geographie-urbaine--9782200355722?lang=fr&redirect-ssocas=7080
999 _c1566721
_d1566721